Prehľad drevárskej literatúry

Bibliographic Details
New Title:Výber z drevárskej literatúry
Previous Title:Prehľad zahraničnej odbornej tlače
Corporate Authors: Drevársky výskumný ústav (Bratislava, Slovensko), Tlačiarenské závody Práca (Bratislava, Slovensko)
Other Authors: Trávnik, Arnošt (Publishing director), Piontek, Jozef (Publishing director)
Format: Journal
Language:Slovak
PhysicalDescription:2 roč. 30 x 21 cm
Published: Bratislava Drevársky výskumný ústav 1950-1951
Subjects:

MARC

LEADER 00000nas a22000001a 4500
001 vtls010302015
003 SK-MaSNL
005 20260228162814.0
008 110810d19501951xo mr p r 0 b0slo
015 |a SNBDS17XX9999 
015 |a 1212  |2 Balúnová 1945-60 
038 |a SNKBUDS 
040 |a SNK  |b slo  |c SNK  |e AACR2 
041 0 |a slo 
044 |a xo  |c SK 
080 |a 674  |2 2001 
080 |a 016  |2 2001 
080 |a 82.96  |2 2001 
245 0 0 |a Prehľad drevárskej literatúry 
260 |a Bratislava  |b Drevársky výskumný ústav  |c 1950-1951 
300 |a 2 roč.  |c 30 x 21 cm 
310 |a 1x mesačne 
362 0 |a Roč. II, č. 1 (1950)-roč. III, č. 12 (1951) 
500 |a Vych. v Bratislave mesačne 
500 |a Zodp. zást. Arnošt Trávnik. Hlav. red. Jozef Piontek 
500 |a Maj. a vyd. Drevársky výskumný ústav v Bratislave 
500 |a Tlač. rozmnož. cyklostylom (Drevársky výskumný ústav) a Práca, Bratislava (obal) 
500 |a Príl.: Dokumentačné záznamy DVÚ 
505 8 0 |g Roč. II. 1950 12 č. po 26-39 s. 
505 8 0 |g Roč. III. 1951 12 č. po 23-75 s. 
525 |a Nesamostatné prílohy: Drevárska dokumentačná služba v druhom roku svojej činnosti - 3 s.; Soznam časopisov, ktorých obsah sa bude v DVÚ dokumentovať v roku 1950 - 7 s.; Triediaca sústava drevárskej celulózo-papierníckej literatúry - 38 s. 
580 |a Nadviazal na Prehľad zahraničnej odbornej tlače. V r. 1952 pokračoval pod názvom Výber z drevárskej literatúry 
650 0 7 |a drevárstvo  |2 SNKPH  |9 1116 
650 0 7 |a odborná literatúra  |2 SNKPH  |9 63941 
655 7 |a bibliografické časopisy  |2 SNKBUDS  |9 271953 
700 1 |a Trávnik, Arnošt  |4 pbd  |9 272168 
700 1 |a Piontek, Jozef  |4 pbd  |9 272169 
710 2 |a Drevársky výskumný ústav (Bratislava, Slovensko)  |9 157290 
710 2 |a Tlačiarenské závody Práca (Bratislava, Slovensko)  |9 178085 
770 0 |t Dokumentačné záznamy DVÚ 
780 0 0 |t Prehľad zahraničnej odbornej tlače 
785 0 0 |t Výber z drevárskej literatúry 
852 |a SNK  |b 10000  |h ČSB 1207 
852 |a UKB  |b 300000  |h SC 1893 
852 |a UKB  |b 300000  |h 20 C 789 
852 |a SVKKK  |b 900000  |h C 16 
999 |c 8374  |d 10304